एक विश्रांतीस्थळ ! / (Record no. 72355)

MARC details
000 -LEADER
fixed length control field 01342nam a22002657a 4500
005 - DATE AND TIME OF LATEST TRANSACTION
control field 20121010141910.0
008 - FIXED-LENGTH DATA ELEMENTS--GENERAL INFORMATION
fixed length control field 121010t xxu||||| |||| 00| 0 mar d
010 ## - LCCN (DPL NO)
LC control number MAR-22888
020 ## - INTERNATIONAL STANDARD BOOK NUMBER
Terms of availability 150.00
International Standard Book Number 9788184984378
035 ## - SYSTEM CONTROL NUMBER
System control number MR-15546
037 ## - SOURCE OF ACQUISITION
Source of stock number/acquisition DBAD/PUB
040 ## - CATALOGING SOURCE
Original cataloging agency DPL
Language of cataloging MR
082 ## - DEWEY DECIMAL CLASSIFICATION NUMBER
Classification number 823
100 ## - MAIN ENTRY--PERSONAL NAME
9 (RLIN) 53016
Personal name गार्नर, हेलन
245 ## - TITLE STATEMENT
Title एक विश्रांतीस्थळ ! /
Statement of responsibility, etc हेलन गार्नर ; वंदना कुंडेटकर द्वारा अनुवादित
246 ## - VARYING FORM OF TITLE
Title proper/short title Ek VishrantiSthal !
Remainder of title by Helen Garner
260 ## - PUBLICATION, DISTRIBUTION, ETC. (IMPRINT)
Place of publication, distribution, etc पुणे
Name of publisher, distributor, etc मेहता पब्लिशिंग हाऊस
Date of publication, distribution, etc 2012
270 ## - ADDRESS
City पुणे
Address 1941,सदाशिव पेठ,माडीवाले कॉलनी,
Postal code 411030
300 ## - PHYSICAL DESCRIPTION
Extent 128पृ
Dimensions 21सेमी(अजिल्द)
650 ## - SUBJECT ADDED ENTRY--TOPICAL TERM
Topical term or geographic name as entry element अँग्रेजी कादंबरी
General subdivision मराठी भाषा में अनुवादित
9 (RLIN) 54476
650 ## - SUBJECT ADDED ENTRY--TOPICAL TERM
Topical term or geographic name as entry element English Fiction
General subdivision Translated Into Marathi
9 (RLIN) 54477
700 ## - ADDED ENTRY--PERSONAL NAME
Personal name कुंडेटकर, वंदना
9 (RLIN) 54465
942 ## - ADDED ENTRY ELEMENTS (KOHA)
Source of classification or shelving scheme Dewey Decimal Classification
Item type Marathi Books
Call number suffix गार्नर
Classification part 823
Holdings
Withdrawn status Lost status Source of classification or shelving scheme Damaged status Not for loan Collection code Home library Current library Date acquired Source of acquisition Cost, normal purchase price Total Checkouts Full call number Barcode Date last seen Copy number Cost, replacement price Koha item type
    Dewey Decimal Classification   Not For Loan Fiction D.B.Act.Division D.B.Act.Division 20/12/2012 DBAD / PUB 150.00   823 गार्नर MR-15546 20/12/2012 1 150.00 Marathi Books

© Delhi Public Library
Hit Counter
free hit counter